Das bei Aristoteles

में बचाया:
ग्रंथसूची विवरण
मुख्य लेखक: Arpe, Curt (लेखक)
स्वरूप: पुस्तक
भाषा:जर्मन
प्रकाशित: Hamburgo Frieserichsen, de Gruyter 1938
विषय:
टैग: टैग जोड़ें
कोई टैग नहीं, इस रिकॉर्ड को टैग करने वाले पहले व्यक्ति बनें!

MARC

LEADER 00000nam a2200000 a 4500
001 UCY6308
003 CL-VaPUC
008 950521e19380000GW |||||||||||||||||ger|d
082 0 4 |a 185  |b ARP  |2 21 
100 0 |a Arpe, Curt  |e author  |9 336163 
245 1 4 |a Das bei Aristoteles 
300 |a 58 p 
942 |c BK 
945 |d 19950521 00:00:00  |a oaravena 
260 |a Hamburgo  |b Frieserichsen, de Gruyter  |c 1938 
600 0 |a Aristóteles,  |d 384 a.C.- 322 a.C.  |9 194 
650 0 |a Filosofía   |9 223554 
650 0 |a Filosofía antigua   |9 255705 
650 0 |a Metafísica  |9 265649 
651 0 |a Grecia  |9 265314 
583 |a last modification  |c 19950521 00:00:00  |k Rodrigo Vera 
999 |c 233884  |d 233882 
952 |0 0  |1 0  |4 0  |6 185_000000000000000_ARP_1938  |7 0  |8 P  |9 239691  |a BIBEDU  |b BIBEDU  |c BIBEDU_PB  |d 2019-11-18  |i 1509020  |o 185 ARP 1938  |p 1509020  |r 2024-01-25  |w 2019-11-18  |y BK  |k FIL